| 000 | 00911 a2200253 4500 | ||
|---|---|---|---|
| 005 | 20251015104348.0 | ||
| 008 | 251015b |||||||| |||| 00| 0 eng d | ||
| 020 | _a9781793633569 (pbk) | ||
| 037 | _cTB | ||
| 040 |
_aCRL _cCRL |
||
| 041 |
_2eng _aeng |
||
| 084 |
_aR4xL24 R2 _qCRL |
||
| 100 |
_aWalla, Alice Pinheiro _9822107 |
||
| 245 |
_aHappiness in Kant's practical philosophy: _bMorality, indirect duties, and welfare rights |
||
| 260 |
_aLanham, Maryland: _bLexington Books, _c2022. |
||
| 300 | _axiii, 188p. | ||
| 365 |
_b30.00 _cUKP |
||
| 490 | _aContemporary studies in idealism. Editor Paolo Diego Bubbio | ||
| 650 |
_aPhilosophy _9848321 |
||
| 650 |
_aKant, Immanues _9848322 |
||
| 650 |
_aPhilosophers _9848323 |
||
| 942 |
_cTB _2CC _n0 _hR4xL24 R2 |
||
| 999 |
_c1435884 _d1435884 |
||